| 000 | 01053aam a2200409 4500 | ||
|---|---|---|---|
| 005 | 20230609163159.0 | ||
| 008 | 150702b2001 xxu||||| |||| 00| 0 spa d | ||
| 041 | _aESP | ||
| 082 | _a004.67 M161b | ||
| 100 |
_aMcLean, Ian _979603 |
||
| 245 | _aLa biblia de TCP/IP | ||
| 260 | _aEspaña | ||
| 260 | _bANAYA | ||
| 260 | _c2001 | ||
| 300 | _a1088 páginas | ||
| 505 | _aCONTIENE DISCO COMPACTO N° 285 | ||
| 650 |
_aREDES DE COMPUTADORES _979604 |
||
| 650 |
_aTCP/IP _979605 |
||
| 650 |
_aDSN _979606 |
||
| 650 |
_aPROTOCOLOS _979607 |
||
| 650 |
_aINTERNET _979608 |
||
| 650 |
_aARP _979609 |
||
| 650 |
_aATM _979610 |
||
| 650 |
_aDIRECCIONES IP _979611 |
||
| 650 |
_aIMPLEMENTACION DHCP _979612 |
||
| 650 |
_aWINS _979613 |
||
| 650 |
_aACCESO REMOTO _979614 |
||
| 650 |
_aINTERFAZ _979615 |
||
| 650 |
_aADMINISTRACION _979616 |
||
| 650 |
_aREDES _979617 |
||
| 650 |
_aCONFIGURACION _979618 |
||
| 650 |
_aNETBIOS _979619 |
||
| 650 |
_aWINSOCK _979620 |
||
| 650 |
_aNETSHELL _979621 |
||
| 650 |
_aSITIOS WEB _979622 |
||
| 942 | _cBK | ||
| 999 |
_c1558 _d1558 |
||